[Event "Krakow Malopolski-chA"]
[Site "Krakow"]
[Date "2014.05.02"]
[Round "6"]
[White "Kosturkiewicz, Jacek"]
[Black "Ociepka, Tomasz"]
[Result "1-0"]
[WhiteElo "2005"]
[BlackElo "1867"]
[PlyCount "69"]
[EventDate "2014.04.27"]
[EventType "swiss"]
[EventRounds "9"]
[EventCountry "POL"]
[SourceTitle "CBM 160 Extra"]
[Source "ChessBase"]
[SourceDate "2014.07.01"]
[SourceVersion "1"]
[SourceVersionDate "2014.07.01"]
[SourceQuality "1"]

1. e4 c5 2. Nf3 e6 3. d4 cxd4 4. Nxd4 Nf6 5. Nc3 d6 6. Be2 a6 7. 0-0 Qc7 8. f4 Nbd7 9. Kh1 b5 10. Bf3 Bb7 11. a3 Be7 12. Qe1 Nb6 13. Qg3 0-0 14. e5 Nfd5 15. f5 dxe5 16. Bxd5 Nxd5 17. Nxd5 Bxd5 18. f6 Bxf6 19. Rxf6 Kh8 20. Rf2 f5 21. Nf3 f4 22. Qh4 Rf6 23. Re2 Qc4 24. Qe1 e4 25. Nd2 Qc6 26. Nxe4 Rf5 27. Kg1 f3 28. gxf3 Rxf3 29. Nc3 Bc4 30. Rf2 Raf8 31. Qe4 Qc5 32. Be3 Qh5 33. Rxf3 Qxf3 34. Qxf3 Rxf3 35. Bd4 1-0

[Event "Krakow Malopolski-chA"]
[Site "Krakow"]
[Date "2014.04.29"]
[Round "3"]
[White "Chmiel, Marcin"]
[Black "Kosturkiewicz, Jacek"]
[Result "0-1"]
[WhiteElo "2050"]
[BlackElo "2005"]
[PlyCount "130"]
[EventDate "2014.04.27"]
[EventType "swiss"]
[EventRounds "9"]
[EventCountry "POL"]
[SourceTitle "CBM 160 Extra"]
[Source "ChessBase"]
[SourceDate "2014.07.01"]
[SourceVersion "1"]
[SourceVersionDate "2014.07.01"]
[SourceQuality "1"]

1. e4 c5 2. Nf3 d6 3. d4 cxd4 4. Nxd4 Nf6 5. Nc3 g6 6. Be3 Bg7 7. f3 Nc6 8. Qd2 0-0 9. 0-0-0 Nxd4 10. Bxd4 Be6 11. Kb1 Qc7 12. h4 Rfc8 13. h5 Qa5 14. hxg6 fxg6 15. a3 Rc6 16. g4 Rac8 17. Be2 a6 18. f4 Bxg4 19. e5 Bxe2 20. Qxe2 dxe5 21. fxe5 Nd5 22. Nxd5 Qxd5 23. c3 Qe6 24. Qh2 h5 25. Rhg1 Rf8 26. Ka1 Kh7 27. Rd2 Rf5 28. Re2 Rc8 29. Qg2 b5 30. Re3 Bh6 31. Rg3 g5 32. Rf3 Rxf3 33. Qxf3 g4 34. Qe4+ Kg7 35. Qh1 Kg6 36. Qe4+ Qf5 37. Qb7 Qe6 38. Qe4+ Kg7 39. Qh1 Qg6 40. e6+ Kh7 41. Qd5 Bg5 42. Rf1 Kh6 43. Rf7 Rg8 44. Qe5 h4 45. Rf5 g3 46. Be3 Qxf5 47. Qxf5 Bxe3 48. Qe4 Bg5 49. Qg2 Rg6 50. a4 Rxe6 51. axb5 axb5 52. Kb1 Rf6 53. b3 Rf2 54. Qg1 Bf4 55. Qh1 Kg5 56. Qd5+ e5 57. Qg8+ Kf5 58. Qc8+ Ke4 59. Qc6+ Ke3 60. Qc5+ Kf3 61. Qc6+ e4 62. Qc8 g2 63. Qh3+ Ke2 64. Qg4+ Ke3 65. Qh3+ Bg3 0-1

[Event "Krakow Malopolski-chA"]
[Site "Krakow"]
[Date "2011.05.03"]
[Round "3"]
[White "Suliborski, Jakub"]
[Black "Kosturkiewicz, Jacek"]
[Result "1/2-1/2"]
[WhiteElo "1902"]
[BlackElo "2030"]
[PlyCount "75"]
[EventDate "2011.05.01"]
[EventType "swiss"]
[EventRounds "9"]
[EventCountry "POL"]
[SourceTitle "EXT 2013"]
[Source "ChessBase"]
[SourceDate "2012.11.22"]
[SourceVersion "1"]
[SourceVersionDate "2012.11.22"]
[SourceQuality "1"]

1. Nf3 Nf6 2. g3 b6 3. Bg2 Bb7 4. d4 c5 5. 0-0 cxd4 6. Nxd4 Bxg2 7. Kxg2 d5 8. Bg5 Nbd7 9. Bxf6 Nxf6 10. c3 e6 11. Qa4+ Qd7 12. Qxd7+ Kxd7 13. Nd2 Bc5 14. N2f3 Rhc8 15. e3 Ne4 16. Ne5+ Ke7 17. f3 Nd6 18. Rfe1 f6 19. Nd3 Rab8 20. Nf4 Nc4 21. Nfxe6 Nxb2 22. Nxg7 Na4 23. Ngf5+ Kf7 24. Nb5 Ke6 25. Nfd4+ Kd7 26. Nxa7 Bxd4 27. exd4 Rxc3 28. Re2 Re8 29. Rxe8 Kxe8 30. Nb5 Rc2+ 31. Kh3 Kd7 32. Rb1 Rxa2 33. Rb4 Kc6 34. Kg4 Nb2 35. Nc3 Ra3 36. Nxd5 Nd3 37. Rxb6+ Kxd5 38. Rxf6 1/2-1/2

[Event "Krakow Malopolski-chA"]
[Site "Krakow"]
[Date "2008.04.30"]
[Round "4.12"]
[White "Swiech, Przemyslaw"]
[Black "Kosturkiewicz, Jacek"]
[Result "1-0"]
[WhiteElo "1958"]
[BlackElo "2041"]
[PlyCount "61"]
[EventDate "2008.04.28"]
[EventType "swiss"]
[EventRounds "9"]
[EventCountry "POL"]
[SourceTitle "EXT 2023"]
[Source "ChessBase"]
[SourceDate "2022.10.05"]
[SourceVersion "1"]
[SourceVersionDate "2022.10.05"]
[SourceQuality "1"]

1. d4 Nf6 2. c4 g6 3. Nc3 Bg7 4. e4 d6 5. Nf3 0-0 6. h3 Nbd7 7. Be2 e5 8. d5 Nc5 9. Qc2 a5 10. g4 Ne8 11. Rg1 Bd7 12. Be3 a4 13. 0-0-0 Qb8 14. h4 f6 15. Ne1 Rf7 16. f4 exf4 17. Bxf4 Qa7 18. Nd3 Nxd3+ 19. Qxd3 Qa5 20. a3 Rc8 21. Bd2 c5 22. Qc2 Qa6 23. Bd3 Nc7 24. h5 g5 25. e5 dxe5 26. Bxh7+ Kf8 27. Ne4 Ne8 28. Be3 b6 29. Bg6 Re7 30. Rdf1 Rf7 31. Bxf7 1-0

[Event "Krakow Malopolski-chA"]
[Site "Krakow"]
[Date "2008.04.28"]
[Round "1.2"]
[White "Kosturkiewicz, Jacek"]
[Black "Stupak, Kirill"]
[Result "0-1"]
[WhiteElo "2041"]
[BlackElo "2451"]
[PlyCount "108"]
[EventDate "2008.04.28"]
[EventType "swiss"]
[EventRounds "9"]
[EventCountry "POL"]
[SourceTitle "EXT 2023"]
[Source "ChessBase"]
[SourceDate "2022.10.05"]
[SourceVersion "1"]
[SourceVersionDate "2022.10.05"]
[SourceQuality "1"]

1. e4 e6 2. d4 d5 3. Nc3 Nf6 4. Bg5 dxe4 5. Nxe4 Be7 6. Bxf6 gxf6 7. Nf3 f5 8. Ng3 a6 9. Qd2 c5 10. 0-0-0 Nc6 11. Nh5 h6 12. d5 exd5 13. Qxd5 Qxd5 14. Rxd5 Rg8 15. Rd1 Be6 16. a3 Rd8 17. Rxd8+ Kxd8 18. Nf4 Bg5 19. Nxg5 hxg5 20. Nxe6+ fxe6 21. Bc4 Rg6 22. Re1 Kd7 23. h3 b5 24. Rd1+ Ke7 25. Bf1 Rg8 26. a4 Rb8 27. axb5 axb5 28. c3 Na5 29. Kc2 c4 30. g3 Nb3 31. Be2 Nc5 32. f3 Ra8 33. Kb1 Rh8 34. Rh1 e5 35. Kc2 f4 36. g4 Nb3 37. Bd3 cxd3+ 38. Kxb3 Ke6 39. c4 bxc4+ 40. Kxc4 d2 41. Kd3 Rxh3 42. Rb1 Rxf3+ 43. Kxd2 e4 44. b4 Rd3+ 45. Ke2 f3+ 46. Kf2 Rd2+ 47. Kg3 Kd6 48. b5 Kc7 49. b6+ Kb7 50. Rb3 Rg2+ 51. Kh3 Re2 52. Rb5 f2 53. Kg2 e3 54. Rxg5 Re1 0-1

[Event "POL-chT 2nd League"]
[Site "Polanica Zdroj"]
[Date "2004.09.09"]
[Round "8"]
[White "Ponceleusz, Bronislaw"]
[Black "Kosturkiewicz, Jacek"]
[Result "1-0"]
[WhiteElo "2003"]
[BlackElo "2163"]
[PlyCount "62"]
[EventDate "2004.09.04"]
[EventType "team-swiss"]
[EventRounds "11"]
[EventCountry "POL"]
[SourceTitle "CBM 102 Extra"]
[Source "ChessBase"]
[SourceDate "2004.11.03"]
[SourceVersion "1"]
[SourceVersionDate "2004.11.03"]
[SourceQuality "1"]
[WhiteTeam "Milanowek UKS Jedwabnik"]
[BlackTeam "Krakow Korona"]
[WhiteTeamCountry "POL"]
[BlackTeamCountry "POL"]

1. d4 Nf6 2. Nf3 g6 3. c4 Bg7 4. Nc3 0-0 5. e4 d6 6. Be2 e5 7. Be3 Nc6 8. d5 Ne7 9. Nd2 Nd7 10. f3 f5 11. 0-0 f4 12. Bf2 b6 13. b4 g5 14. c5 Rf6 15. a4 bxc5 16. bxc5 Rg6 17. cxd6 cxd6 18. Nc4 h5 19. Nb5 Nb6 20. Nxa7 Nxc4 21. Bxc4 Rxa7 22. Bxa7 Qc7 23. Bf2 Qxc4 24. Rc1 Qa6 25. Rc7 Bf8 26. Qc2 g4 27. Ra7 gxf3 28. Rxa6 Rxg2+ 29. Kh1 Bxa6 30. Rg1 Rxg1+ 31. Kxg1 Kf7 1-0

[Event "Krakow op-A"]
[Site "Krakow "]
[Date "2003.12.27"]
[Round "1"]
[White "Kosturkiewicz, Jacek"]
[Black "Murawski, Grzegorz"]
[Result "0-1"]
[WhiteElo "2202"]
[BlackElo "2473"]
[PlyCount "80"]
[EventDate "2003.12.27"]
[EventType "swiss"]
[EventRounds "9"]
[EventCountry "POL"]
[SourceTitle "EXT 2006"]
[Source "ChessBase"]
[SourceDate "2005.11.24"]
[SourceVersion "1"]
[SourceVersionDate "2005.11.24"]
[SourceQuality "1"]

1. e4 c5 2. Nf3 Nc6 3. d4 cxd4 4. Nxd4 Nf6 5. Nc3 d6 6. Bg5 e6 7. Qd2 a6 8. 0-0-0 Nxd4 9. Qxd4 Be7 10. f4 b5 11. e5 dxe5 12. Qxd8+ Bxd8 13. fxe5 Nd7 14. Bxd8 Kxd8 15. Be2 Bb7 16. Bf3 Bxf3 17. gxf3 Ke7 18. Rde1 Rac8 19. Rhg1 g6 20. Rg4 Rc5 21. Rge4 Rhc8 22. R1e2 Nb6 23. a3 Nc4 24. Nb1 Rd8 25. b3 Nb6 26. Rd2 Rdc8 27. Kb2 Nd5 28. h4 a5 29. Red4 b4 30. f4 Kf8 31. axb4 axb4 32. Re2 Kg7 33. Rde4 Ra8 34. Rc4 Rca5 35. Kc1 Ra1 36. Ree4 R8a2 37. Red4 Nc3 38. Rxc3 bxc3 39. Ra4 Rxa4 40. bxa4 Rxa4 0-1

[Event "POL-chT 2nd League"]
[Site "Wysowa"]
[Date "2003.09.09"]
[Round "5"]
[White "Kosturkiewicz, Jacek"]
[Black "Zaskalski, Arkadiusz"]
[Result "0-1"]
[WhiteElo "2202"]
[BlackElo "2211"]
[PlyCount "82"]
[EventDate "2003.09.06"]
[EventType "team-swiss"]
[EventRounds "11"]
[EventCountry "POL"]
[SourceTitle "CBM 096 Extra"]
[Source "ChessBase"]
[SourceDate "2003.10.22"]
[SourceVersion "2"]
[SourceVersionDate "2003.10.20"]
[SourceQuality "1"]
[WhiteTeam "Krakow Korona"]
[BlackTeam "Rolnik Roza"]
[WhiteTeamCountry "POL"]
[BlackTeamCountry "POL"]

1. e4 c5 2. Nf3 d6 3. d4 cxd4 4. Nxd4 Nf6 5. Nc3 g6 6. Be3 Bg7 7. f3 Nc6 8. Bc4 0-0 9. Qd2 Bd7 10. 0-0-0 Rc8 11. Bb3 Ne5 12. h4 h5 13. Bh6 Bxh6 14. Qxh6 Rxc3 15. bxc3 Qc7 16. Qe3 Rc8 17. Kd2 a5 18. a3 Qc5 19. Ra1 d5 20. exd5 Nc4+ 21. Bxc4 Qxc4 22. Qd3 Qxd5 23. Nb3 a4 24. Qxd5 Nxd5 25. Nd4 Nxc3 26. Rhe1 Kf8 27. Re5 f6 28. Re3 Nd5 29. Ree1 e5 30. Ne2 Bf5 31. c3 Nb6 32. Ng3 Nc4+ 33. Kc1 Na5 34. Kb2 Nc4+ 35. Ka2 Bc2 36. Re2 Bb3+ 37. Kb1 Rd8 38. Re1 Rd2 39. Ne4 Rb2+ 40. Kc1 Rc2+ 41. Kb1 f5 0-1

[Event "POL-chT 2nd League"]
[Site "Wysowa"]
[Date "2003.09.06"]
[Round "1"]
[White "Kosturkiewicz, Jacek"]
[Black "Borysiak, Boguslaw"]
[Result "1/2-1/2"]
[WhiteElo "2202"]
[BlackElo "2227"]
[PlyCount "97"]
[EventDate "2003.09.06"]
[EventType "team-swiss"]
[EventRounds "11"]
[EventCountry "POL"]
[SourceTitle "CBM 096 Extra"]
[Source "ChessBase"]
[SourceDate "2003.10.22"]
[SourceVersion "2"]
[SourceVersionDate "2003.10.20"]
[SourceQuality "1"]
[WhiteTeam "Krakow Korona"]
[BlackTeam "Milanowek UKS Jedwabnik"]
[WhiteTeamCountry "POL"]
[BlackTeamCountry "POL"]

1. e4 e6 2. d4 d5 3. Nc3 Bb4 4. e5 c5 5. a3 Bxc3+ 6. bxc3 Qc7 7. Nf3 Ne7 8. a4 0-0 9. Be2 b6 10. 0-0 Nbc6 11. Qd2 Na5 12. Bd3 f5 13. exf6 Rxf6 14. Qg5 cxd4 15. cxd4 Nc4 16. Qg3 Qxg3 17. hxg3 Ba6 18. Bg5 Rf7 19. Rfe1 h6 20. Bxe7 Rxe7 21. Nh4 Rd8 22. Ng6 Ree8 23. Nf4 Rd6 24. Ng6 Bc8 25. Nf4 Bd7 26. Bxc4 dxc4 27. c3 Kf7 28. Re5 g5 29. Nh5 Rd5 30. Re3 Bc6 31. Re2 Ra5 32. Rea2 Be4 33. g4 Bd3 34. Ng3 Rd8 35. Nf1 Bxf1 36. Kxf1 e5 37. dxe5 Rd3 38. Ra3 Ke6 39. g3 Rxe5 40. Re1 Rd2 41. Raa1 Rc2 42. f4 Rxe1+ 43. Rxe1+ Kd6 44. f5 Rxc3 45. Kg2 Rc2+ 46. Kg1 Rc3 47. Kg2 Rc2+ 48. Kg1 Rc3 49. Kg2 1/2-1/2